[Event "17th Izmir Open 2018"]
[Site "Izmir"]
[Date "2018.09.13"]
[Round "9.1"]
[White "Mohannad, Farhan"]
[Black "Yilmazyerli, Mert"]
[Result "1/2-1/2"]
[WhiteElo "2201"]
[BlackElo "2450"]
[Annotator "TA"]
[PlyCount "31"]
[EventDate "2018.09.09"]
[EventType "swiss"]
[EventCountry "TUR"]
[SourceTitle "playchess.com"]
[Source "ChessBase"]
[SourceQuality "1"]

{[%evp 17,18,15,9]} 1. d4 Nf6 2. c4 e6 3. Nf3 d5 4. cxd5 exd5 5. Nc3 c6 6. Bg5 Be7 7. e3 O-O 8. Qc2 Re8 9. Bd3 {D36: Queen's Gambit Declined: Exchange Variation: Main line (5 Bg5 c6 6 Qc2)} h6 {LiveBook: 9 Games} {Predecessor:} 10. Bf4 $146 Be6 11. h3 c5 12. dxc5 Bxc5 13. O-O Nbd7 14. Rac1 a6 15. Rfd1 Rc8 16. Qb1 {½-½ (81) Tomashevsky,E (2722)-Zvjaginsev,V (2675) Novi Sad 2016} 1/2-1/2

[Event "17th Izmir Open 2018"]
[Site "Izmir"]
[Date "2018.09.13"]
[Round "9.2"]
[White "Kirilmaz, Emre"]
[Black "Mammadov, Ayaz"]
[Result "0-1"]
[WhiteElo "2017"]
[BlackElo "2411"]
[Annotator "TA"]
[PlyCount "59"]
[EventDate "2018.09.09"]
[EventType "swiss"]
[EventCountry "TUR"]
[SourceTitle "playchess.com"]
[Source "ChessBase"]
[SourceQuality "1"]

{[%evp 13,59,18,18,0,6,0,49,43,48,46,49,7,45,38,34,30,98,25,33,4,5,12,4,6,10,0,0,-18,-9,-19,-2,-27,-16,-27,0,0,141,139,154,-206,30,-286,-302,-302,-291,-596,-229,-938]} 1. d4 d5 2. c3 Nf6 3. Bg5 Ne4 4. Bf4 c6 5. Nd2 Bf5 6. Ngf3 {D00: 1 d4 d5: Unusual lines} Nd7 7. Qb3 Qb6 {LiveBook: 5 Games} 8. Nh4 $146 {The position is equal.} ({Predecessor:} 8. e3 e6 9. Nxe4 Bxe4 10. Be2 Be7 11. O-O O-O 12. Ne5 Nxe5 13. Bxe5 Rfc8 14. Rfc1 {½-½ (14) Kuehn,P (2384)-Landenbergue,C (2426) Switzerland 2006}) 8... Nxd2 9. Kxd2 Be4 10. f3 Bg6 11. Nxg6 hxg6 12. e4 e6 13. exd5 cxd5 14. Bb5 Qd8 (14... O-O-O $11) 15. Rae1 (15. Ba4 $16 Qb6 16. Qxb6 axb6 17. Bb5) 15... Be7 $11 16. Kd1 a6 $132 {[%mdl 2048] Black is not keeping still} 17. Bd3 g5 18. Bg3 b5 19. Re2 Nb6 20. Rhe1 Kf8 21. f4 gxf4 22. Bxf4 Kg8 23. Qc2 b4 24. Bf5 {With the idea Rxe6!} Bg5 (24... Bh4 $11 25. g3 Bf6) 25. Bxg5 $16 Qxg5 {[#]} 26. Bh3 $2 (26. Rxe6 $1 $16 {[%mdl 512] is necessary to keep the advantage. White wants to mate with Re8+.} Qd8 (26... fxe6 27. Bxe6+) 27. Re7 (27. cxb4 Rh4 $14)) 26... bxc3 $2 {[#]} ({Black should try} 26... Rh4 $19 {Hoping for ...bxc3.} 27. Re5 Qh6 28. Bxe6 fxe6 29. Rxe6 Qh5+ 30. Qe2 Qf5) 27. b3 $2 {[%mdl 8192]} (27. Rxe6 $1 $11 {[%mdl 512]} fxe6 28. Bxe6+ Kf8 29. Qxc3) 27... Rh4 $19 28. Qd3 Qf6 29. Re5 $2 (29. g4) 29... Qf4 $2 (29... Nd7 30. Qxc3 Nxe5 31. dxe5 Qf2) 30. g4 $2 {Precision: White = 15%, Black = 46%.} (30. Kc2) 0-1

[Event "17th Izmir Open 2018"]
[Site "Izmir"]
[Date "2018.09.13"]
[Round "9.3"]
[White "Guncan, Berke"]
[Black "Arat, Ufuk Sezen"]
[Result "1/2-1/2"]
[WhiteElo "1946"]
[BlackElo "2385"]
[Annotator "NA"]
[PlyCount "125"]
[EventDate "2018.09.09"]
[EventType "swiss"]
[EventCountry "TUR"]
[SourceTitle "playchess.com"]
[Source "ChessBase"]
[SourceQuality "1"]
[TimeControl "5400+30"]

1. e4 {[%emt 0:00:30]} g6 {[%emt 0:04:30]} 2. d4 {[%emt 0:00:00]} d6 {[%emt 0:00:30]} 3. Nc3 {[%emt 0:00:00]} Bg7 {[%emt 0:00:30]} 4. Be3 {[%emt 0:00:30]} a6 {[%emt 0:00:30] LiveBook: 3240 Partien} 5. a4 {[%emt 0:01:30]} Nc6 {[%emt 0:06:30]} 6. Nf3 {[%emt 0:02:30]} Nf6 {[%emt 0:01:30]} 7. h3 {[%emt 0:00:30]} O-O {[%emt 0:04:30]} 8. Be2 {[%emt 0:01:30]} Nd7 {[%emt 0:03:30] B08: Pirc Defence: Classical System} (8... e6 9. O-O b6 10. d5 exd5 11. exd5 Ne7 12. Bc4 Bb7 13. Qd2 Nf5 14. Bf4 Qd7 15. Rfe1 Rfe8 16. Rxe8+ Rxe8 17. Re1 Rxe1+ 18. Qxe1 {½-½ (63) Caruana,F (2799)-Grischuk,A (2782) Saint Louis 2017}) 9. O-O {[%emt 0:00:30]} e5 {[%emt 0:00:30]} 10. Qd2 {[%emt 0:00:30]} exd4 {[%emt 0:00:30]} 11. Nxd4 {[%emt 0:00:30]} Nxd4 {[%emt 0:00:30]} 12. Bxd4 {[%emt 0:00:30]} Bxd4 $146 {[%emt 0:00:30]} ({Predecessor:} 12... Nf6 13. Rad1 Be6 14. f4 Qd7 15. f5 gxf5 16. exf5 Bxf5 17. Qf4 Bxc2 18. Bxf6 Bxd1 {1-0 (18) Fiori,A (2159)-Gerez,A Mar del Plata 2012}) 13. Qxd4 {[%emt 0:00:30]} Qf6 {[%emt 0:00:30]} 14. Rad1 {[%emt 0:09:30]} Qxd4 {[%emt 0:20:30]} 15. Rxd4 {[%emt 0:00:30]} Nf6 {[%emt 0:00:30]} 16. f4 {[%emt 0:11:30]} Be6 {[%emt 0:05:30]} 17. Rfd1 {[%emt 0:01:30]} Ne8 {[%emt 0:04:30]} 18. a5 {[%emt 0:08:30]} Rb8 {[%emt 0:11:30]} 19. Rb4 {[%emt 0:02:30]} Nf6 {[%emt 0:00:30]} 20. Bf3 {[%emt 0:06:30]} b5 {[%emt 0:04:30]} 21. axb6 {[%emt 0:00:30]} c5 {[%emt 0:00:00]} 22. Ra4 {[%emt 0:00:30]} Rxb6 {[%emt 0:00:00]} 23. b3 {[%emt 0:01:30]} Re8 {[%emt 0:05:30]} 24. Rda1 {[%emt 0:03:30]} Bc8 {[%emt 0:00:30]} 25. Be2 {[%emt 0:08:30]} Bb7 {[%emt 0:00:30]} 26. Bxa6 {[%emt 0:04:30]} Bc6 {[%emt 0:00:30]} 27. Ra5 {[%emt 0:00:30]} Nxe4 {[%emt 0:01:30]} 28. Nxe4 {[%emt 0:01:30]} Rxe4 {[%emt 0:02:30]} 29. Rd1 {[%emt 0:02:30]} Re8 {[%emt 0:02:22]} 30. Bc4 {[%emt 0:01:30]} Ra8 {[%emt 0:01:56]} 31. Rxa8+ {[%emt 0:02:30]} Bxa8 {[%emt 0:00:01]} 32. Bd5 {[%emt 0:14:01]} Bxd5 {[%emt 0:12:06]} 33. Rxd5 {[%emt 0:00:30]} Kf8 {[%emt 0:00:40]} 34. Kf2 {[%emt 0:00:30]} Ke7 {[%emt 0:00:35]} 35. Rd1 {[%emt 0:00:30]} Ra6 {[%emt 0:00:30]} 36. Ke3 {[%emt 0:00:30]} h5 {[%emt 0:00:30]} 37. g4 {[%emt 0:00:30]} hxg4 {[%emt 0:00:30]} 38. hxg4 {[%emt 0:00:30]} Ra8 {[%emt 0:00:30]} 39. Ke4 {[%emt 0:00:30]} Ke6 {[%emt 0:00:30]} 40. f5+ {[%emt 0:00:30]} gxf5+ {[%emt 0:00:50]} 41. gxf5+ {[%emt 0:00:30]} Kd7 {[%emt 0:00:41]} 42. Kf4 {[%emt 0:00:30]} Ra2 {[%emt 0:00:33]} 43. Rd2 {[%emt 0:00:30]} f6 {[%emt 0:00:31]} 44. Kg4 {[%emt 0:00:30]} Ra1 {[%emt 0:00:30]} 45. Rg2 {[%emt 0:00:30]} Rf1 {[%emt 0:00:30]} 46. c4 {[%emt 0:00:30]} Kc6 {[%emt 0:00:13]} 47. Re2 {[%emt 0:01:28]} Rg1+ {[%emt 0:00:34]} 48. Kf4 {[%emt 0:00:02]} Rf1+ {[%emt 0:01:26]} 49. Kg4 {[%emt 0:00:02]} Rg1+ {[%emt 0:01:09]} 50. Kf4 {[%emt 0:00:40]} Rb1 {[%emt 0:00:18]} 51. Re3 {[%emt 0:00:13]} Rf1+ {[%emt 0:00:01]} 52. Kg4 {[%emt 0:00:29]} Rg1+ {[%emt 0:00:01]} 53. Kf4 {[%emt 0:00:30]} Rb1 {[%emt 0:00:06]} 54. Kg4 {[%emt 0:00:57]} Kd7 {[%emt 0:01:04]} 55. Kf4 {[%emt 0:00:35]} Rf1+ {[%emt 0:00:14]} 56. Kg4 {[%emt 0:00:04]} Rb1 {[%emt 0:00:55]} 57. Kf4 {[%emt 0:00:27]} Kc6 {[%emt 0:00:59]} 58. Kg4 {[%emt 0:00:14]} Rg1+ {[%emt 0:00:34]} 59. Kf4 {[%emt 0:00:02]} Rf1+ {[%emt 0:00:12]} 60. Kg4 $11 {[%emt 0:00:16]} Rb1 {[%emt 0:00:02]} 61. Kf4 {[%emt 0:00:10]} Rf1+ {[%emt 0:00:45]} 62. Kg4 {[%emt 0:00:05]} Rg1+ {[%emt 0:00:05]} 63. Kf4 {[%emt 0:00:01]} 1/2-1/2

[Event "17th Izmir Open 2018"]
[Site "Izmir"]
[Date "2018.09.13"]
[Round "9.4"]
[White "Camlar, Arda"]
[Black "Guseynov, Alihan"]
[Result "0-1"]
[WhiteElo "1675"]
[BlackElo "2297"]
[Annotator "NA"]
[PlyCount "64"]
[EventDate "2018.09.09"]
[EventType "swiss"]
[EventCountry "TUR"]
[SourceTitle "playchess.com"]
[Source "ChessBase"]
[SourceQuality "1"]
[TimeControl "5400+30"]

1. e4 {[%emt 0:00:30]} c5 {[%emt 0:00:30]} 2. Nc3 {[%emt 0:00:00]} Nc6 {[%emt 0:02:30]} 3. g3 {[%emt 0:00:00]} g6 {[%emt 0:00:30]} 4. Bg2 {[%emt 0:00:30]} Bg7 {[%emt 0:00:00]} 5. d3 {[%emt 0:00:30]} d6 {[%emt 0:05:00]} 6. f4 {[%emt 0:00:30]} Rb8 {[%emt 0:05:30]} 7. Nf3 {[%emt 0:03:30]} b5 {[%emt 0:00:30]} 8. O-O {[%emt 0:00:30]} e6 {[%emt 0:02:30]} 9. h3 {[%emt 0:05:30] B25: Closed Sicilian: 3 g3, lines without early Be3} Nge7 {[%emt 0:01:30]} 10. Qe2 {[%emt 0:00:30]} (10. Ne2 O-O 11. g4 f5 12. Ng3 Bb7 13. Re1 {½-½ (41) Ibragimov,I (2611)-Christiansen,L (2524) Philadelphia 2005}) 10... O-O {[%emt 0:00:30]} 11. Be3 $146 {[%emt 0:00:30]} ({Predecessor:} 11. g4 f5 12. gxf5 gxf5 13. Kh2 Nd4 14. Qf2 Ng6 15. exf5 exf5 16. Ng5 Bb7 17. Nd5 Qd7 {½-½ (43) Tranitz,C (1589)-Blodig,C (1802) Regensburg 2004}) 11... b4 {[%emt 0:00:30]} 12. Nd1 {[%emt 0:00:30]} a5 {[%emt 0:00:30]} 13. Rb1 {[%emt 0:00:30]} a4 {[%emt 0:22:30]} 14. Bf2 {[%emt 0:11:30]} Nd4 {[%emt 0:09:30]} 15. Qd2 {[%emt 0:03:30]} f5 {[%emt 0:02:30]} 16. Ne3 {[%emt 0:07:30]} fxe4 {[%emt 0:08:30]} 17. dxe4 {[%emt 0:00:30]} e5 {[%emt 0:01:30]} 18. Nxd4 {[%emt 0:01:30]} cxd4 {[%emt 0:01:30]} 19. Nd5 {[%emt 0:01:30]} Nxd5 {[%emt 0:01:30]} 20. exd5 {[%emt 0:00:30]} exf4 {[%emt 0:01:30]} 21. Bxd4 {[%emt 0:08:30]} Bxd4+ {[%emt 0:03:30]} 22. Qxd4 $17 {[%emt 0:00:00]} fxg3 {[%emt 0:00:00]} 23. Rxf8+ {[%emt 0:00:00]} Qxf8 {[%emt 0:00:00]} 24. Rf1 {[%emt 0:00:30]} Qe7 {[%emt 0:05:30]} 25. Qf4 {[%emt 0:00:30]} Bf5 {[%emt 0:06:52]} 26. Qxg3 {[%emt 0:01:30]} Bxc2 {[%emt 0:08:07]} 27. Re1 {[%emt 0:00:30]} Qf6 {[%emt 0:01:50]} 28. Rf1 {[%emt 0:02:30]} Bf5 {[%emt 0:01:26]} 29. Kh2 {[%emt 0:00:30]} b3 {[%emt 0:03:00]} 30. axb3 {[%emt 0:01:30]} Rxb3 {[%emt 0:00:32]} 31. Qf4 {[%emt 0:00:30]} Rxb2 {[%emt 0:01:59]} 32. Qxa4 {[%emt 0:00:00]} Rxg2+ {[%emt 0:01:22]} 0-1

[Event "17th Izmir Open 2018"]
[Site "Izmir"]
[Date "2018.09.13"]
[Round "9.5"]
[White "Darban, Morteza"]
[Black "Eke, Salih"]
[Result "1-0"]
[WhiteElo "2333"]
[BlackElo "1812"]
[Annotator "TA"]
[PlyCount "142"]
[EventDate "2018.09.09"]
[EventType "swiss"]
[EventCountry "TUR"]
[SourceTitle "playchess.com"]
[Source "ChessBase"]
[SourceQuality "1"]

{[%evp 25,142,41,49,46,62,60,60,51,48,43,52,43,57,58,50,32,31,38,59,17,48,33,51,51,48,42,43,48,45,45,45,50,49,50,56,41,87,75,207,85,282,273,278,94,136,112,109,106,207,197,337,337,336,336,326,326,382,375,465,467,411,464,460,455,455,452,427,449,413,411,334,359,266,26,26,26,26,26,26,26,26,26,33,33,33,33,33,8,1742,1725,667,145,29975,29976,29976,29977,29977,133,133,0,29977,0,141,0,29977,0,135,0,29976,29976,29975,29976,29974,29975,29988,29989,29988,29989,29989]} 1. Nf3 d5 2. g3 Nf6 3. Bg2 c6 4. b3 Bf5 5. Bb2 Nbd7 6. O-O e6 7. d3 h6 8. Nbd2 Be7 9. e4 dxe4 10. dxe4 Bh7 11. Qe2 O-O 12. Rfd1 {A07: Barcza-System (Königsfianchetto mit möglichen Übergängen in andere Systeme)} Qc7 13. e5 (13. a3 Rfd8 14. e5 Ne8 15. Nc4 Nb6 16. Ne3 Rxd1+ 17. Rxd1 Rd8 18. c4 Nd7 19. b4 a5 {1-0 (58) Kuzubov,Y (2624)-Chadaev,N (2568) Moscow 2011}) 13... Nd5 {LiveBook: 4 Partien} 14. Ne4 {Weiß steht etwas besser.} Rad8 15. c4 N5b6 16. Qe3 $146 ({Vorgänger:} 16. Rac1 Nc5 17. Nd6 Bxd6 18. exd6 Rxd6 {1-0 (47) Wilhelmi,C (2355)-David,R (2235) Halle 1996}) 16... Bxe4 17. Qxe4 Nc5 {[%cal Bd7c5,Bc5a6,Ba6b4,Bb4d3,Bd3c1][%mdl 32]} 18. Qe3 Rxd1+ 19. Rxd1 Rd8 20. Rxd8+ Qxd8 21. Bd4 Na6 22. h4 Nb4 23. Qe2 c5 24. Bc3 Qd3 25. Qxd3 Nxd3 26. Ne1 Nc1 27. Bd2 Nxa2 28. Bxb7 {zielt auf Sd3 ab.} Nb4 29. Bxb4 cxb4 $14 {[%mdl 4096] Endspiel KLS-KLS} 30. Bc6 $1 f6 31. Nd3 {Schwarz muss nun c5 beachten.} Kf7 (31... fxe5 $16 32. Nxe5 a5) 32. Kg2 (32. c5 $1 $18 {und der Rest ist Schweigen.}) 32... g5 $2 (32... a5 $16) 33. hxg5 hxg5 34. Kf3 $2 (34. c5 $1 $18) 34... fxe5 35. Nxe5+ Kf6 36. Ke4 Bd6 (36... a5 $16 37. Ng4+ Kf7) 37. Nd3 $18 Bf8 (37... Nc8 {ist eine bessere Verteidigung.} 38. c5 Ne7) 38. c5 {[%cal Bc4c5,Bc5c6,Bc6c7][%mdl 32]} Nc8 39. Bb7 Ne7 40. Nxb4 Nf5 41. Na6 Ke7 42. g4 Ng7 43. c6 Ne8 44. c7 Nd6+ 45. Ke3 Kd7 46. Nc5+ $1 Kxc7 {...Sf5+! ist eine echte Drohung.} 47. Nxe6+ Kxb7 48. Nxf8 {KS-KS} Kc6 49. Nh7 $2 (49. Ne6 $18) 49... Nf7 $11 50. Ke4 {Und weiter mit Kf5 wäre nett.} Kb5 51. Kf5 {Und Kf6 würde nun gewinnen.} Kb4 52. Nxg5 Nh6+ 53. Kf4 {Droht Se4 und aus.} Kxb3 54. Ne4 a5 $1 55. g5 Ng8 56. Ke5 Ne7 $2 {[%mdl 8192]} (56... Kb4 $11) 57. f4 $18 Kb4 58. f5 $2 (58. Ke6 $1 $18 {[%cal Re6e7]} a4 59. Kxe7) 58... a4 $2 {[%mdl 8192]} (58... Nxf5 $16 59. Kxf5 a4) 59. f6 Ng6+ 60. Kf5 Nh4+ 61. Kg4 $2 (61. Ke6 $1 Ng6 62. Kf5 Nh4+ 63. Kg4 Ng6 64. Kf5) 61... Ng6 $16 62. Kf5 $2 {[%mdl 8192]} (62. f7 $16 Ne5+ 63. Kh5 Nxf7 64. g6) 62... Nh4+ 63. Kg4 $2 (63. Ke6 $1 Ng6 64. f7 a3 65. Kf5 Ne7+ 66. Kf6 a2 67. f8=Q a1=Q+ 68. Kf7 Qf1+ 69. Kxe7) 63... Ng6 {Weiss sollte ...a3 verhindern.} 64. Kf5 $2 {[%mdl 8192]} (64. Kh5 $16 Nf4+ 65. Kg4 Ng6) 64... Nh4+ 65. Kg4 $2 (65. Ke6 $1 {setzt Matt} Ng6 66. f7 a3 67. Kf5 Ne7+ 68. Kf6 a2 69. f8=Q a1=Q+ 70. Kf7) 65... Ng6 {und nun wäre ...a3 stark für Schwarz.} 66. Kf5 $2 {[%mdl 8192]} (66. f7 $16 Ne5+ 67. Kh5 Nxf7 68. g6) 66... Nh4+ {[#]} 67. Ke6 $1 {Weiß setzt Matt.} a3 68. f7 Ng6 {[#]} 69. Kf5 $1 Nf8 70. g6 {[%cal Bg5g6,Bg6g7][%mdl 32]} a2 71. g7 a1=Q {Precision: Weiß = 58%, Schwarz = 32%.} 1-0

[Event "17th Izmir Open 2018"]
[Site "Izmir"]
[Date "2018.09.13"]
[Round "9.6"]
[White "Dere, Abdullah Dogukan"]
[Black "Isik, Alparslan"]
[Result "0-1"]
[WhiteElo "1938"]
[BlackElo "2210"]
[Annotator "NA"]
[PlyCount "58"]
[EventDate "2018.09.09"]
[EventType "swiss"]
[EventCountry "TUR"]
[SourceTitle "playchess.com"]
[Source "ChessBase"]
[SourceQuality "1"]
[TimeControl "5400+30"]

1. e4 {[%emt 0:00:30]} c5 {[%emt 0:00:30]} 2. Nf3 {[%emt 0:00:00]} d6 {[%emt 0:00:00]} 3. d4 {[%emt 0:00:00]} cxd4 {[%emt 0:00:00]} 4. Nxd4 {[%emt 0:00:00]} Nf6 {[%emt 0:00:30]} 5. Nc3 {[%emt 0:00:00]} a6 {[%emt 0:00:00]} 6. Bg5 {[%emt 0:00:30]} e6 {[%emt 0:00:00]} 7. f4 {[%emt 0:00:30]} Qc7 {[%emt 0:00:00]} 8. Qe2 {[%emt 0:00:30]} Be7 {[%emt 0:03:00]} 9. O-O-O {[%emt 0:00:00]} h6 {[%emt 0:00:00]} 10. Bxf6 {[%emt 0:03:00]} Bxf6 {[%emt 0:00:00]} 11. g3 {[%emt 0:00:30]} Nc6 {[%emt 0:13:30]} 12. Nxc6 {[%emt 0:48:30]} bxc6 {[%emt 0:00:30]} 13. Qc4 {[%emt 0:00:30]} O-O {[%emt 0:00:30]} 14. Bg2 {[%emt 0:01:30]} a5 {[%emt 0:00:30]} 15. e5 {[%emt 0:13:30] [#]} dxe5 {[%emt 0:04:30]} (15... d5 $1 $17 {[%cal Rd5c4]} 16. Qd3 Be7) 16. Nb5 {[%emt 0:05:30]} Qb6 {[%emt 0:23:30]} 17. Bxc6 {[%emt 0:03:30]} Rb8 {[%emt 0:03:30]} 18. a4 $19 {[%emt 0:01:23]} Ba6 {[%emt 0:01:30]} 19. Bd7 {[%emt 0:00:18]} Bb7 {[%emt 0:00:30]} 20. Rhe1 {[%emt 0:00:03]} Bd5 {[%emt 0:01:30]} 21. Rxd5 {[%emt 0:16:06]} exd5 {[%emt 0:00:30]} 22. Qxd5 {[%emt 0:00:01]} exf4 {[%emt 0:00:30]} 23. Bf5 {[%emt 0:03:34]} Qf2 {[%emt 0:01:30]} 24. Qe4 {[%emt 0:01:29]} fxg3 {[%emt 0:02:30]} 25. hxg3 {[%emt 0:00:04]} Qxg3 {[%emt 0:00:00]} 26. Kb1 {[%emt 0:00:54]} g6 {[%emt 0:05:00]} 27. Bd7 {[%emt 0:00:01]} Rfd8 {[%emt 0:00:00]} 28. Bc6 {[%emt 0:00:28]} Kg7 {[%emt 0:00:00]} 29. Rf1 {[%emt 0:00:13]} Qe5 {[%emt 0:00:30]} 0-1

[Event "17th Izmir Open 2018"]
[Site "Izmir"]
[Date "2018.09.13"]
[Round "9.7"]
[White "Bicer, Atakan Mert"]
[Black "Isilak, Enes"]
[Result "1-0"]
[WhiteElo "1843"]
[BlackElo "1830"]
[Annotator "NA"]
[PlyCount "73"]
[EventDate "2018.09.09"]
[EventType "swiss"]
[EventCountry "TUR"]
[SourceTitle "playchess.com"]
[Source "ChessBase"]
[SourceQuality "1"]
[TimeControl "5400+30"]

1. d4 {[%emt 0:00:30]} Nf6 {[%emt 0:00:30]} 2. c4 {[%emt 0:00:00]} g6 {[%emt 0:00:30]} 3. Nc3 {[%emt 0:00:00]} d5 {[%emt 0:00:00]} 4. Bf4 {[%emt 0:00:30]} Bg7 {[%emt 0:02:00]} 5. e3 {[%emt 0:00:30]} c6 {[%emt 0:05:30]} 6. Nf3 {[%emt 0:00:30]} O-O {[%emt 0:00:30]} 7. Be2 {[%emt 0:01:30]} Be6 {[%emt 0:08:30]} 8. c5 {[%emt 0:08:30]} b6 {[%emt 0:00:30]} 9. cxb6 {[%emt 0:00:30]} axb6 {[%emt 0:00:30]} 10. O-O {[%emt 0:00:30]} Nh5 {[%emt 0:00:30]} 11. Bg5 {[%emt 0:09:30]} h6 {[%emt 0:28:30]} 12. Bh4 {[%emt 0:00:00]} g5 {[%emt 0:01:30]} 13. Nd2 {[%emt 0:03:00]} Nf6 {[%emt 0:00:30]} 14. Bg3 {[%emt 0:00:00]} Bf5 {[%emt 0:02:30]} 15. b4 {[%emt 0:04:00]} Nbd7 {[%emt 0:14:30]} 16. Qb3 {[%emt 0:10:30]} c5 {[%emt 0:04:30]} 17. Nb5 {[%emt 0:02:30]} c4 {[%emt 0:05:30]} 18. Qb2 {[%emt 0:02:30]} Nb8 {[%emt 0:04:34]} 19. f3 {[%emt 0:06:30]} Nc6 {[%emt 0:02:57]} 20. Bf2 {[%emt 0:01:30]} Bg6 {[%emt 0:02:23]} 21. Rfe1 {[%emt 0:02:30]} Re8 {[%emt 0:04:16]} 22. e4 {[%emt 0:04:30]} e5 {[%emt 0:05:10]} 23. exd5 {[%emt 0:00:30]} Nxd5 {[%emt 0:00:27]} 24. Bxc4 {[%emt 0:04:30]} Ndxb4 {[%emt 0:02:42]} 25. Rac1 {[%emt 0:04:30]} Qd7 {[%emt 0:01:38]} 26. d5 {[%emt 0:02:30]} e4 {[%emt 0:00:45]} 27. dxc6 {[%emt 0:01:30]} Bxb2 {[%emt 0:01:27]} 28. cxd7 {[%emt 0:00:00]} Re7 {[%emt 0:00:33]} 29. Rb1 {[%emt 0:03:00]} e3 {[%emt 0:00:34]} 30. Rxb2 {[%emt 0:01:30]} exf2+ {[%emt 0:00:19]} 31. Kxf2 {[%emt 0:00:00]} Rxd7 {[%emt 0:00:36]} 32. Rxb4 {[%emt 0:01:00]} Rxd2+ {[%emt 0:00:01]} 33. Re2 {[%emt 0:00:00]} Rd1 {[%emt 0:00:18]} 34. Bb3 {[%emt 0:00:00]} Ra1 {[%emt 0:00:24]} 35. Nc7 {[%emt 0:00:30]} Rd8 {[%emt 0:00:55]} 36. Nd5 {[%emt 0:00:30]} Kg7 {[%emt 0:00:03]} 37. Rxb6 {[%emt 0:00:30]} 1-0

[Event "17th Izmir Open 2018"]
[Site "Izmir"]
[Date "2018.09.13"]
[Round "9.8"]
[White "Taspinar, Yanki"]
[Black "Tutuncu, Ali"]
[Result "1-0"]
[WhiteElo "1961"]
[BlackElo "1644"]
[Annotator "NA"]
[PlyCount "93"]
[EventDate "2018.09.09"]
[EventType "swiss"]
[EventCountry "TUR"]
[SourceTitle "playchess.com"]
[Source "ChessBase"]
[SourceQuality "1"]
[TimeControl "5400+30"]

1. e4 {[%emt 0:08:30]} g6 {[%emt 0:12:30]} 2. d4 {[%emt 0:00:30]} Bg7 {[%emt 0:00:30]} 3. Nc3 {[%emt 0:00:30]} d6 {[%emt 0:00:30]} 4. f4 {[%emt 0:00:30]} a6 {[%emt 0:00:30]} 5. Nf3 {[%emt 0:00:30]} b5 {[%emt 0:00:30]} 6. Bd3 {[%emt 0:00:30]} Nd7 {[%emt 0:00:30]} 7. e5 {[%emt 0:00:30]} Nb6 {[%emt 0:00:30] B06: Modern Defence} (7... c5 8. Be4 Rb8 9. Be3 b4 10. Ne2 Nh6 11. dxc5 Nxc5 12. Bxc5 dxc5 13. Bc6+ Bd7 14. Qd5 Rc8 15. Bxd7+ Qxd7 16. Qxd7+ Kxd7 {1-0 (41) Yu,Y (2760)-Adhiban,B (2655) chess.com INT 2018}) 8. O-O {[%emt 0:00:30]} Nh6 {[%emt 0:00:30]} 9. h3 $146 {[%emt 0:00:30]} ({Predecessor:} 9. Ne4 O-O 10. c3 Be6 11. b3 Rc8 12. Ba3 f6 13. Qd2 Kh8 14. Rae1 Qd7 15. Qe2 {1-0 (40) Berescu,A (2468)-Bukal,V (2390) Rijeka 2010}) 9... dxe5 {[%emt 0:16:30]} 10. dxe5 {[%emt 0:15:30]} Bf5 {[%emt 0:01:30]} 11. Be3 {[%emt 0:00:30]} Bxd3 {[%emt 0:00:30]} 12. cxd3 {[%emt 0:00:30]} Nd5 {[%emt 0:00:30]} 13. Nxd5 {[%emt 0:00:30]} Qxd5 {[%emt 0:00:30]} 14. Qc2 {[%emt 0:00:30]} Nf5 {[%emt 0:00:30]} 15. Bf2 {[%emt 0:01:30]} O-O {[%emt 0:00:30]} 16. Rfd1 {[%emt 0:00:30]} Bh6 {[%emt 0:09:30]} 17. Qd2 {[%emt 0:05:30]} c5 {[%emt 0:01:30]} 18. Nh2 {[%emt 0:01:30]} Nd4 {[%emt 0:00:30]} 19. Be3 {[%emt 0:00:30]} Rfd8 {[%emt 0:01:30]} 20. Ng4 {[%emt 0:01:30]} Bg7 {[%emt 0:00:30]} 21. Qf2 {[%emt 0:05:30]} Rac8 {[%emt 0:02:30]} 22. b3 {[%emt 0:05:30]} h5 {[%emt 0:02:30]} 23. Nh2 $1 {[%emt 0:00:30]} Nf5 {[%emt 0:00:30]} 24. Nf3 {[%emt 0:01:30]} f6 {[%emt 0:06:30]} 25. Rac1 {[%emt 0:02:30]} fxe5 {[%emt 0:03:30]} 26. fxe5 {[%emt 0:00:30]} Bxe5 {[%emt 0:01:30]} 27. Nxe5 {[%emt 0:00:30]} Qxe5 {[%emt 0:00:30]} 28. Bxc5 {[%emt 0:00:30]} Rf8 {[%emt 0:02:30]} 29. d4 $14 {[%emt 0:01:30]} (29. Re1 $5 {[%cal Re1e5]} Qf6 30. d4 $14) 29... Qd5 {[%emt 0:06:30]} 30. Re1 {[%emt 0:02:30]} Rcd8 {[%emt 0:05:30]} 31. Rcd1 {[%emt 0:00:30]} Rc8 {[%emt 0:03:30]} 32. Qf4 {[%emt 0:06:30]} Rc6 {[%emt 0:11:21]} 33. Re5 {[%emt 0:04:30]} Qf7 {[%emt 0:01:32]} 34. Rde1 {[%emt 0:01:30]} Rf6 {[%emt 0:00:24]} 35. Qg5 {[%emt 0:02:30]} Re8 {[%emt 0:02:46]} 36. d5 {[%emt 0:08:30]} e6 {[%emt 0:03:26]} 37. d6 {[%emt 0:00:30]} Kg7 {[%emt 0:01:29]} 38. b4 {[%emt 0:00:30]} Rd8 {[%emt 0:00:43]} 39. Rd1 {[%emt 0:00:30]} Rd7 {[%emt 0:00:30]} 40. a3 {[%emt 0:01:30]} Qf8 {[%emt 0:00:27]} 41. Re2 {[%emt 0:01:30]} h4 {[%emt 0:00:38]} 42. Re4 {[%emt 0:02:58]} Ng3 {[%emt 0:01:21]} 43. Rxh4 {[%emt 0:01:40]} Rf5 {[%emt 0:00:28]} 44. Qxg3 {[%emt 0:00:52]} g5 {[%emt 0:00:35]} 45. Bd4+ {[%emt 0:00:20]} Kg6 {[%emt 0:00:31]} 46. Rh8 {[%emt 0:00:31]} Qf7 {[%emt 0:00:24]} 47. Qg4 {[%emt 0:00:09]} 1-0

[Event "17th Izmir Open 2018"]
[Site "Izmir"]
[Date "2018.09.13"]
[Round "9.9"]
[White "Akbas, Umut Ata"]
[Black "Cilek, Bora"]
[Result "1-0"]
[WhiteElo "1617"]
[BlackElo "1955"]
[Annotator "NA"]
[PlyCount "41"]
[EventDate "2018.09.09"]
[EventType "swiss"]
[EventCountry "TUR"]
[SourceTitle "playchess.com"]
[Source "ChessBase"]
[SourceQuality "1"]
[TimeControl "5400+30"]

1. e4 {[%emt 0:00:30]} c5 {[%emt 0:00:30]} 2. d4 {[%emt 0:00:30]} cxd4 {[%emt 0:00:00]} 3. c3 {[%emt 0:00:00]} d5 {[%emt 0:01:00]} 4. exd5 {[%emt 0:00:00]} Qxd5 {[%emt 0:00:30]} 5. cxd4 {[%emt 0:00:30]} Nc6 {[%emt 0:00:30]} 6. Nf3 {[%emt 0:00:30]} Nf6 {[%emt 0:01:30]} 7. Nc3 {[%emt 0:00:00]} Qd6 {[%emt 0:03:30]} 8. d5 {[%emt 0:02:00]} Nb4 {[%emt 0:02:30]} 9. Bc4 {[%emt 0:03:30]} Bg4 {[%emt 0:04:30]} 10. O-O {[%emt 0:03:30]} Rc8 {[%emt 0:00:30]} 11. Bb5+ {[%emt 0:01:30]} Nd7 {[%emt 0:01:30]} 12. Re1 {[%emt 0:01:30]} Bxf3 {[%emt 0:00:30]} 13. Qxf3 {[%emt 0:00:30]} Nc2 {[%emt 0:00:30]} 14. Bf4 {[%emt 0:00:30]} Nxe1 {[%emt 0:00:30]} 15. Rxe1 {[%emt 0:00:30]} Qb6 {[%emt 0:00:30]} 16. Qh3 {[%emt 0:00:30]} Rd8 {[%emt 0:08:30]} 17. Ne4 {[%emt 0:24:30]} e5 {[%emt 0:05:30]} 18. dxe6 {[%emt 0:00:30]} Be7 {[%emt 0:01:30]} 19. Bxd7+ {[%emt 0:01:30]} Kf8 {[%emt 0:00:30]} 20. Qf5 {[%emt 0:00:30]} f6 {[%emt 0:00:30]} 21. Nxf6 {[%emt 0:01:30]} 1-0